[Event "ARG-ch sf 99th"]
[Site "Buenos Aires"]
[Date "2024.06.03"]
[Round "3"]
[White "Grosso, Fabricio"]
[Black "Adam, Ernestina"]
[Result "0-1"]
[WhiteElo "1707"]
[BlackElo "1995"]
[PlyCount "38"]
[EventDate "2024.06.01"]
[EventType "swiss"]
[EventRounds "9"]
[EventCountry "ARG"]
[SourceTitle "CBM 220 Extra"]
[Source "ChessBase"]
[SourceDate "2024.07.31"]
[SourceVersion "1"]
[SourceVersionDate "2024.07.31"]
[SourceQuality "1"]

1. e4 c5 2. c3 d5 3. exd5 Qxd5 4. Na3 Nf6 5. Nf3 Nc6 6. Nb5 Qd8 7. d4 a6 8. Na3 cxd4 9. Nxd4 Nxd4 10. cxd4 e6 11. Nc2 Bd7 12. Bd3 Bc6 13. 0-0 Qd5 14. f3 Bd6 15. Re1 Qh5 16. h3 Qh4 17. Be3 Qg3 18. Qe2 Nh5 19. Qf2 Qh2+ 0-1

[Event "Mendoza Mendocino-ch sf"]
[Site "Mendoza"]
[Date "2023.09.30"]
[Round "5"]
[White "Grosso, Fabricio"]
[Black "Zambianchi, Santino"]
[Result "0-1"]
[WhiteElo "1438"]
[BlackElo "1497"]
[PlyCount "76"]
[EventDate "2023.09.29"]
[EventType "swiss"]
[EventRounds "7"]
[EventCountry "ARG"]
[SourceTitle "CBM 216 Extra"]
[Source "ChessBase"]
[SourceDate "2023.11.30"]
[SourceVersion "1"]
[SourceVersionDate "2023.11.30"]
[SourceQuality "1"]

1. e4 c5 2. Nf3 g6 3. c3 Bg7 4. d4 cxd4 5. cxd4 d5 6. e5 Bg4 7. Be2 e6 8. 0-0 Ne7 9. Nbd2 0-0 10. h3 Bxf3 11. Nxf3 Nbc6 12. Bg5 Qb6 13. Qd2 Nf5 14. Rad1 f6 15. g4 Nfxd4 16. Nxd4 Nxd4 17. exf6 Bxf6 18. Bxf6 Nxe2+ 19. Qxe2 Rxf6 20. b3 Qd6 21. Rde1 Re8 22. Qb5 Qc6 23. Qd3 e5 24. Rc1 Qd6 25. Rfd1 d4 26. Rc2 Qd5 27. Rdc1 Rf3 28. Qf1 Ref8 29. Rc5 Qe6 30. Kg2 Rxf2+ 31. Qxf2 Rxf2+ 32. Kxf2 e4 33. R1c4 Qf6+ 34. Ke1 Qf3 35. g5 Kf8 36. Rc7 e3 37. Rc8+ Ke7 38. R4c7+ Kd6 0-1